01091nam a22002297a 4500008004100000020001800041040000800059050002100067245009200088246004500180246003900225260003200264520026600296650004800562650003000610655002900640655002900669700003600698942000800734952010400742999001500846251112b |||||||| |||| 00| 0 eng d a9783836584173 ctbs aG439 b.N48 2020 aThe New York Times Explorerb: 100 trips around the worldc/ edited by Barbara Ireland. aNYT explorer: 100 trips around the world aOne hundred trips around the world aCologne :bTaschen, c2020. aWhether it's a culinary adventure in Mexico City, a meditative train ride through Siberia, or a solo trip to Paris, get your bucket lists ready with the discoveries of Explorer, a collection of 100 dream destinations from the Travel pages of The New York Times. 0aVoyages and travelsvPictorial works926502 0aTravelvGuidebooks926326 0aIllustrated works924413 0aTravel guidebooks922406 aIreland, Barbara926327eeditor 2lcc 00102lcc4070aTBSbTBSd2025-11-12l0oTRAVEL - INT 3pB05645r2025-11-12t1w2025-11-12yTRAVEL c5179d5179